| 000 | 00421nam a2200157Ia 4500 | ||
|---|---|---|---|
| 008 | 151015s9999 xx 000 0 und d | ||
| 020 | _a8187125977 | ||
| 050 | _aHG221.s472009 | ||
| 245 | _aJhingan M.L | ||
| 250 | _a_Money,banking,international Trade And Public Finance | ||
| 260 | _a7th ed. | ||
| 300 | _aIndia Vrinda 2009 | ||
| 500 | _aincludes index | ||
| 650 | _a_money | ||
| 700 | _a^d20130815 11:31:29^okorir | ||
| 999 |
_c222 _d222 |
||